Normal view
MARC view
Entry Personal Name
001 - CONTROL NUMBER
- control field: 58743
003 - CONTROL NUMBER IDENTIFIER
- control field: dpl
005 - DATE AND TIME OF LATEST TRANSACTION
- control field: 20231116103537.0
008 - FIXED-LENGTH DATA ELEMENTS
- fixed length control field: 231116|| aca||aabn | a|a d
040 ## - CATALOGING SOURCE
- Original cataloging agency: dpl
- Transcribing agency: dpl
100 ## - HEADING--PERSONAL NAME
- Personal name: माथुर,प्रभा
670 ## - SOURCE DATA FOUND
- Source citation: Work cat.: (dpl)198997: माथुर,प्रभा , अनन्त की और/ , 2021
